[Event "WchT Blitz Pool B"]
[Site "London"]
[Date "2025.06.14"]
[Round "6.1"]
[White "Harvey, Marcus Ross"]
[Black "Rodshtein, Maxim"]
[Result "1-0"]
[WhiteElo "2445"]
[BlackElo "2645"]
[PlyCount "83"]
[EventDate "2025.06.14"]
[EventType "team-tourn"]
[EventRounds "13"]
[EventCountry "ENG"]
[SourceTitle "CB25_2025"]
[SourceDate "2025.06.18"]
[SourceVersion "1"]
[SourceVersionDate "2025.06.18"]
[SourceQuality "1"]
[WhiteTeam "Wood Green"]
[BlackTeam "Rishon LeZion"]
[WhiteTeamCountry "ENG"]
[BlackTeamCountry "ISR"]

1. c4 g6 2. Nc3 c5 3. g3 Bg7 4. Bg2 Nc6 5. e3 e6 6. Nge2 Nge7 7. 0-0 0-0 8. d4 cxd4 9. Nxd4 d5 10. cxd5 exd5 11. b3 Nxd4 12. exd4 Re8 13. Bg5 Be6 14. Rc1 h6 15. Bxe7 Rxe7 16. Re1 Rc7 17. Qd2 Rac8 18. Ne2 g5 19. Rxc7 Rxc7 20. Rc1 Rxc1+ 21. Qxc1 Qa5 22. a3 Qa6 23. Bf1 Qb6 24. Qc3 Bg4 25. f3 Bf5 26. b4 Qd8 27. Qe3 b6 28. f4 Be6 29. Bg2 g4 30. Qd3 Qc8 31. Kf2 h5 32. Ke3 Bf5 33. Qc3 Qe8+ 34. Kf2 Be6 35. Qc7 a5 36. bxa5 bxa5 37. Qxa5 Qc8 38. Qd2 Qc4 39. Qb4 Qd3 40. a4 Qc2 41. a5 Bf5 42. Qc5 1-0

[Event "WchT Blitz Pool B"]
[Site "London"]
[Date "2025.06.14"]
[Round "10.1"]
[White "Turner, Matthew"]
[Black "Rodshtein, Maxim"]
[Result "1/2-1/2"]
[WhiteElo "2441"]
[BlackElo "2645"]
[PlyCount "97"]
[EventDate "2025.06.14"]
[EventType "team-tourn"]
[EventRounds "13"]
[EventCountry "ENG"]
[SourceTitle "CB25_2025"]
[SourceDate "2025.06.18"]
[SourceVersion "1"]
[SourceVersionDate "2025.06.18"]
[SourceQuality "1"]
[WhiteTeam "Sassy Seniors"]
[BlackTeam "Rishon LeZion"]
[WhiteTeamCountry "ENG"]
[BlackTeamCountry "ISR"]

1. d4 Nf6 2. Nf3 e6 3. Bg5 h6 4. Bh4 d5 5. Nbd2 Nbd7 6. e3 c5 7. c3 Bd6 8. Bd3 0-0 9. 0-0 Qc7 10. Bg3 Bxg3 11. hxg3 e5 12. e4 dxe4 13. Nxe4 Nxe4 14. Bxe4 Nf6 15. Re1 exd4 16. cxd4 cxd4 17. Qxd4 Rd8 18. Qb4 a5 19. Qa3 Nxe4 20. Rxe4 Be6 21. Rae1 Qb6 22. b3 Rac8 23. R4e2 Rc3 24. Qe7 Rdc8 25. Qh4 Rd3 26. Ne5 Rd4 27. Qe7 Qc7 28. Qxc7 Rxc7 29. Nf3 Rd3 30. Re5 b6 31. Rb5 Rd6 32. Rbe5 g6 33. Nh2 Rc2 34. R5e2 Rxe2 35. Rxe2 Rd1+ 36. Nf1 Bf5 37. Rd2 Rc1 38. f3 Be6 39. Kf2 Kg7 40. Ne3 b5 41. g4 a4 42. bxa4 bxa4 43. Rd4 a3 44. Rd3 Bxa2 45. Rxa3 Be6 46. Kg3 Rc5 47. Kf2 Rb5 48. Kg3 Rc5 49. Kf2 1/2-1/2

[Event "WchT Rapid"]
[Site "London"]
[Date "2025.06.13"]
[Round "10.2"]
[White "Rodshtein, Maxim"]
[Black "Ahmad, Khagan"]
[Result "1-0"]
[WhiteElo "2603"]
[BlackElo "2301"]
[PlyCount "111"]
[EventDate "2025.06.11"]
[EventType "team-swiss"]
[EventRounds "12"]
[EventCountry "ENG"]
[SourceTitle "CB25_2025"]
[SourceDate "2025.06.18"]
[SourceVersion "1"]
[SourceVersionDate "2025.06.18"]
[SourceQuality "1"]
[WhiteTeam "Rishon LeZion"]
[BlackTeam "Turkish Airlines Sports"]
[WhiteTeamCountry "ISR"]
[BlackTeamCountry "TUR"]

1. Nf3 d5 2. g3 Nd7 3. d4 Nb6 4. Nc3 Bf5 5. Nh4 Bg4 6. h3 Bh5 7. a4 e6 8. Ng2 Bb4 9. Nf4 Bg6 10. a5 Nc4 11. a6 b5 12. Bg2 Nf6 13. 0-0 c6 14. Na2 Bd6 15. b3 Nb6 16. Bd2 Bf5 17. Nb4 Qc7 18. e3 h5 19. Nbd3 g5 20. Ne2 0-0-0 21. Ba5 h4 22. g4 Nxg4 23. hxg4 Bxg4 24. Bxb6 axb6 25. f3 h3 26. Bh1 h2+ 27. Kf2 Bh3 28. Bg2 g4 29. f4 Be7 30. Rh1 g3+ 31. Nxg3 Bh4 32. Bxh3 Rdg8 33. Bg4 Qe7 34. a7 Bxg3+ 35. Ke2 Kb7 36. Bf3 Ra8 37. c4 f6 38. cxb5 cxb5 39. Qc2 Rhc8 40. Qa2 Rc3 41. Rhc1 b4 42. Qa6+ Kc7 43. Rxc3+ bxc3 44. Rc1 Kd8 45. Qxb6+ Qc7 46. Qxc7+ Kxc7 47. Rxc3+ Kd6 48. Kf1 Rxa7 49. Kg2 Rg7 50. Kh3 f5 51. b4 Rg4 52. b5 Bh4 53. Kxh2 Rg3 54. Ne5 Rg8 55. b6 Bg3+ 56. Kh3 1-0

[Event "WchT Rapid"]
[Site "London"]
[Date "2025.06.12"]
[Round "5.2"]
[White "Grischuk, Alexander"]
[Black "Rodshtein, Maxim"]
[Result "1-0"]
[WhiteElo "2696"]
[BlackElo "2603"]
[PlyCount "85"]
[EventDate "2025.06.11"]
[EventType "team-swiss"]
[EventRounds "12"]
[EventCountry "ENG"]
[SourceTitle "CB25_2025"]
[SourceDate "2025.06.18"]
[SourceVersion "1"]
[SourceVersionDate "2025.06.18"]
[SourceQuality "1"]
[WhiteTeam "KazChess"]
[BlackTeam "Rishon LeZion"]
[WhiteTeamCountry "KAZ"]
[BlackTeamCountry "ISR"]

1. e4 c5 2. Nf3 d6 3. d4 cxd4 4. Nxd4 Nf6 5. Nc3 a6 6. Bg5 e6 7. f4 Qb6 8. Nb3 Be7 9. Bxf6 Bxf6 10. Qd2 Be7 11. 0-0-0 Nc6 12. h4 h5 13. Kb1 Bd7 14. Rh3 Qc7 15. a3 0-0-0 16. Qf2 Kb8 17. Na4 d5 18. Nbc5 Na5 19. Nxd7+ Qxd7 20. Nb6 Qc7 21. Rc3 dxe4 22. Rxd8+ Qxd8 23. Rc8+ Qxc8 24. Nxc8 Rxc8 25. f5 e5 26. Qe1 Nc4 27. Bxc4 Rxc4 28. c3 b5 29. g3 Bd6 30. Kc2 a5 31. b3 Rc7 32. Kb2 a4 33. Qxe4 axb3 34. Qd5 Bc5 35. Qxe5 f6 36. Qe8+ Ka7 37. Qxb5 Bf2 38. Qa4+ Kb8 39. Qf4 Bb6 40. Kxb3 Ka7 41. Qa4+ Kb7 42. Qe4+ Ka7 43. Qf3 1-0

[Event "WchT Rapid"]
[Site "London"]
[Date "2025.06.12"]
[Round "6.2"]
[White "Rodshtein, Maxim"]
[Black "Sindarov, Javokhir"]
[Result "1/2-1/2"]
[WhiteElo "2603"]
[BlackElo "2668"]
[PlyCount "44"]
[EventDate "2025.06.11"]
[EventType "team-swiss"]
[EventRounds "12"]
[EventCountry "ENG"]
[SourceTitle "CB25_2025"]
[SourceDate "2025.06.18"]
[SourceVersion "1"]
[SourceVersionDate "2025.06.18"]
[SourceQuality "1"]
[WhiteTeam "Rishon LeZion"]
[BlackTeam "Uzbekistan"]
[WhiteTeamCountry "ISR"]
[BlackTeamCountry "UZB"]

1. Nf3 Nf6 2. g3 c5 3. Bg2 g6 4. 0-0 Bg7 5. Nc3 Nc6 6. e4 0-0 7. d3 d6 8. h3 Rb8 9. a4 a6 10. Be3 b5 11. axb5 axb5 12. e5 dxe5 13. Bxc5 b4 14. Ne4 Qc7 15. c3 Rd8 16. Qe2 Nxe4 17. dxe4 bxc3 18. bxc3 Na5 19. Bb4 Nc6 20. Bc5 Na5 21. Bb4 Nc6 22. Bc5 Na5 1/2-1/2

[Event "WchT Rapid"]
[Site "London"]
[Date "2025.06.11"]
[Round "3.2"]
[White "Harikrishna, Pentala"]
[Black "Rodshtein, Maxim"]
[Result "0-1"]
[WhiteElo "2634"]
[BlackElo "2603"]
[PlyCount "140"]
[EventDate "2025.06.11"]
[EventType "team-swiss"]
[EventRounds "12"]
[EventCountry "ENG"]
[SourceTitle "CB25_2025"]
[SourceDate "2025.06.18"]
[SourceVersion "1"]
[SourceVersionDate "2025.06.18"]
[SourceQuality "1"]
[WhiteTeam "Team MGD1"]
[BlackTeam "Rishon LeZion"]
[WhiteTeamCountry "IND"]
[BlackTeamCountry "ISR"]

1. Nf3 d5 2. g3 g6 3. Bg2 Bg7 4. 0-0 e5 5. d3 Nc6 6. Nc3 Nge7 7. e4 dxe4 8. dxe4 0-0 9. Qxd8 Rxd8 10. Nb5 Rd7 11. a4 a6 12. Na3 Rd8 13. c3 Be6 14. Be3 f6 15. b4 Rd7 16. Rfb1 Rad8 17. Bf1 Nc8 18. Nc4 Bf8 19. b5 axb5 20. axb5 N6e7 21. b6 cxb6 22. Nxb6 Rc7 23. c4 Kg7 24. Nd5 Rcd7 25. Nd2 Nd6 26. Rb2 Nc6 27. Rab1 f5 28. f3 Nd4 29. Bg5 Bxd5 30. exd5 Rc8 31. Be3 Kf7 32. Rb6 Bg7 33. Bf2 Rcc7 34. Bd3 Nc8 35. R6b4 Bf8 36. R4b2 Bc5 37. Kg2 b6 38. Re1 Re7 39. Be3 Nd6 40. Bf1 Ra7 41. Nb3 Nxb3 42. Rxb3 Ra2+ 43. Kg1 Rc2 44. Bd3 Bxe3+ 45. Rxe3 Rc1+ 46. Kg2 Nxc4 47. Re2 h5 48. Rb4 Rc7 49. d6 Nxd6 50. Rxe5 R7c6 51. Ra4 Kf6 52. Re2 Rd1 53. Bc2 Rd5 54. Bb3 Re5 55. Rd2 b5 56. Ra7 Nc4 57. Rd3 Re2+ 58. Kg1 Re1+ 59. Kf2 Rce6 60. Ra2 Rh1 61. Kg2 Rc1 62. Kf2 Rh1 63. Kg2 Rb1 64. Kf2 Ne5 65. Rc3 b4 66. Bc2 bxc3 67. Bxb1 Rb6 68. Bc2 Rb2 69. Rxb2 cxb2 70. Ke2 Nc4 0-1

[Event "AUT-chT Rapid"]
[Site "Pasching"]
[Date "2025.06.01"]
[Round "9.11"]
[White "Krzyzanowski, Marcin"]
[Black "Rodshtein, Maxim"]
[Result "0-1"]
[WhiteElo "2498"]
[BlackElo "2645"]
[PlyCount "86"]
[EventDate "2025.06.01"]
[EventType "team-swiss (rapid)"]
[EventRounds "9"]
[EventCountry "AUT"]
[SourceTitle "CB23_2025"]
[SourceDate "2025.06.04"]
[SourceVersion "1"]
[SourceVersionDate "2025.06.04"]
[SourceQuality "1"]
[WhiteTeam "Elite Team"]
[BlackTeam "Linz ASV II"]
[WhiteTeamCountry "POL"]
[BlackTeamCountry "AUT"]

1. e4 c5 2. Nf3 d6 3. d4 cxd4 4. Nxd4 Nf6 5. Nc3 a6 6. Be2 e5 7. Nb3 Be7 8. 0-0 0-0 9. Qd3 Be6 10. Bd2 Nbd7 11. Nd5 Bxd5 12. exd5 g6 13. c4 a5 14. a4 Ne8 15. Bh6 Ng7 16. Qh3 f5 17. Kh1 b6 18. f4 Bf6 19. g4 exf4 20. gxf5 g5 21. Rg1 Re8 22. Bf3 Re3 23. Nd2 Ne5 24. Qg2 Ra7 25. Be4 Nf7 26. Bxg7 Kxg7 27. Raf1 Kh8 28. Bb1 Ne5 29. Ne4 Rg7 30. Qf2 Qe7 31. Nd2 h6 32. b3 Rg8 33. Qg2 Rg7 34. Qf2 Nd7 35. Qg2 Nc5 36. Nf3 g4 37. Nd2 Re2 38. Rf2 f3 39. Qf1 Bd4 40. f6 Qxf6 41. Rxe2 fxe2 42. Qxe2 Bxg1 43. Ne4 Qf3+ 0-1

[Event "AUT-chT Rapid"]
[Site "Pasching"]
[Date "2025.06.01"]
[Round "1.11"]
[White "Rodshtein, Maxim"]
[Black "Mittermayr, Gerhard"]
[Result "1-0"]
[WhiteElo "2645"]
[BlackElo "1977"]
[PlyCount "81"]
[EventDate "2025.06.01"]
[EventType "team-swiss (rapid)"]
[EventRounds "9"]
[EventCountry "AUT"]
[SourceTitle "CB23_2025"]
[SourceDate "2025.06.04"]
[SourceVersion "1"]
[SourceVersionDate "2025.06.04"]
[SourceQuality "1"]
[WhiteTeam "Linz ASV II"]
[BlackTeam "Poechlarn"]
[WhiteTeamCountry "AUT"]
[BlackTeamCountry "AUT"]

1. Nf3 e6 2. g3 d5 3. Bg2 f5 4. c4 c6 5. 0-0 Nf6 6. b3 Bd6 7. Bb2 0-0 8. e3 Bd7 9. Qc2 Qe8 10. Ne5 Qh5 11. d4 Ng4 12. h3 Nxe5 13. dxe5 Be7 14. Nc3 Na6 15. Ne2 Nc5 16. Ba3 Rae8 17. Rac1 Ne4 18. Bxe7 Rxe7 19. f3 Ng5 20. h4 Nf7 21. f4 h6 22. Bf3 Qg6 23. Kf2 h5 24. cxd5 exd5 25. Qc5 Ree8 26. Qxa7 Ra8 27. Qxb7 Qe6 28. Nd4 Rxa2+ 29. Be2 Qg6 30. Qxd7 Nh6 31. Rc2 Rfa8 32. Rfc1 Ng4+ 33. Bxg4 Qxg4 34. Qxf5 Rxc2+ 35. Qxc2 Qh3 36. Nf3 d4 37. exd4 Rd8 38. Qc4+ Kh8 39. Qf7 Ra8 40. Qxh5+ Kg8 41. Qh7+ 1-0

[Event "AUT-chT Blitz"]
[Site "Pasching"]
[Date "2025.05.31"]
[Round "1.7"]
[White "Neumeier, Klaus"]
[Black "Rodshtein, Maxim"]
[Result "0-1"]
[WhiteElo "2206"]
[BlackElo "2645"]
[PlyCount "86"]
[EventDate "2025.05.31"]
[EventType "team-swiss (blitz)"]
[EventRounds "13"]
[EventCountry "AUT"]
[SourceTitle "CB23_2025"]
[SourceDate "2025.06.04"]
[SourceVersion "1"]
[SourceVersionDate "2025.06.04"]
[SourceQuality "1"]
[WhiteTeam "Pressbaum"]
[BlackTeam "Linz ASV II"]
[WhiteTeamCountry "AUT"]
[BlackTeamCountry "AUT"]

1. c4 g6 2. e4 e5 3. Nf3 Bg7 4. d4 exd4 5. Nxd4 Nc6 6. Be3 Qf6 7. Nb5 Qxb2 8. Nd2 Qxa1 9. Qxa1 Bxa1 10. Nxc7+ Kd8 11. Nxa8 b6 12. Nxb6 axb6 13. Bxb6+ Ke7 14. Bd3 Nf6 15. 0-0 Bd4 16. c5 Nh5 17. Re1 Nf4 18. Bf1 Bc3 19. Rd1 Ne6 20. Nb3 Bb7 21. a4 Ra8 22. a5 Nxa5 23. Nxa5 Bxa5 24. Bb5 Bxb6 25. Rxd7+ Kf6 26. Rxb7 Ra1+ 27. Bf1 Bxc5 28. Rb2 Ke5 29. Re2 Ng5 30. g3 Nxe4 31. Kg2 Bxf2 32. Rxf2 Nxf2 33. Kxf2 Ra2+ 34. Kg1 f5 35. Bb5 Rb2 36. Bc6 g5 37. Ba8 Kd4 38. Bc6 Ke3 39. Ba8 f4 40. gxf4 gxf4 41. Bc6 f3 42. h4 f2+ 43. Kg2 Rb1 0-1

[Event "AUT-chT Blitz"]
[Site "Pasching"]
[Date "2025.05.31"]
[Round "10.3"]
[White "Paszewski, Mateusz"]
[Black "Rodshtein, Maxim"]
[Result "1/2-1/2"]
[WhiteElo "2361"]
[BlackElo "2645"]
[PlyCount "115"]
[EventDate "2025.05.31"]
[EventType "team-swiss (blitz)"]
[EventRounds "13"]
[EventCountry "AUT"]
[SourceTitle "CB23_2025"]
[SourceDate "2025.06.04"]
[SourceVersion "1"]
[SourceVersionDate "2025.06.04"]
[SourceQuality "1"]
[WhiteTeam "Elite Team"]
[BlackTeam "Linz ASV II"]
[WhiteTeamCountry "POL"]
[BlackTeamCountry "AUT"]

1. Nf3 d5 2. e3 Nf6 3. c4 e6 4. Nc3 c6 5. b3 Bd6 6. Bb2 0-0 7. Be2 Nbd7 8. Qc2 Re8 9. Rg1 e5 10. g4 e4 11. Nd4 Bxh2 12. Rg2 Be5 13. g5 Bxd4 14. exd4 a6 15. gxf6 Nxf6 16. 0-0-0 Bf5 17. Rdg1 Bg6 18. Nd1 e3 19. Bd3 exd2+ 20. Qxd2 dxc4 21. Bxg6 hxg6 22. bxc4 b5 23. c5 Qd5 24. Kb1 Qf5+ 25. Qc2 Qf3 26. Qb3 Qf5+ 27. Ka1 Rad8 28. Rxg6 Nd5 29. Rxg7+ Kf8 30. Rg8+ Ke7 31. Re1+ Kd7 32. Rgxe8 Rxe8 33. Rxe8 Kxe8 34. Qg3 Qc2 35. Ne3 Qd2 36. Qe5+ Kf8 37. a3 Nc3 38. Qd6+ Kg8 39. Qg3+ Kf8 40. Qd6+ Kg8 41. Qg3+ Kf8 42. Qg1 Na4 43. Qc1 Qxf2 44. d5 Nxb2 45. Qxb2 Qxe3 46. Qh8+ Ke7 47. d6+ Kd7 48. Qf8 Qe5+ 49. Ka2 Qd5+ 50. Ka1 Qd4+ 51. Ka2 Qc4+ 52. Ka1 Qc3+ 53. Ka2 Qc4+ 54. Ka1 Qe6 55. Qb8 Qe5+ 56. Ka2 Qd5+ 57. Ka1 Qd4+ 58. Ka2 1/2-1/2

[Event "AUT-chT Blitz"]
[Site "Pasching"]
[Date "2025.05.31"]
[Round "13.3"]
[White "Rodshtein, Maxim"]
[Black "Koellner, Ruben Gideon"]
[Result "0-1"]
[WhiteElo "2645"]
[BlackElo "2503"]
[PlyCount "102"]
[EventDate "2025.05.31"]
[EventType "team-swiss (blitz)"]
[EventRounds "13"]
[EventCountry "AUT"]
[SourceTitle "CB23_2025"]
[SourceDate "2025.06.04"]
[SourceVersion "1"]
[SourceVersionDate "2025.06.04"]
[SourceQuality "1"]
[WhiteTeam "Linz ASV II"]
[BlackTeam "Skull Kings"]
[WhiteTeamCountry "AUT"]
[BlackTeamCountry "GER"]

1. Nf3 Nf6 2. g3 d6 3. d4 Nbd7 4. Bg2 e5 5. c4 Be7 6. Nc3 c6 7. d5 cxd5 8. Nxd5 Nxd5 9. Qxd5 Nf6 10. Qd1 Bd7 11. Bg5 Bc6 12. 0-0 0-0 13. Nh4 Qd7 14. Qd3 Qe6 15. Rad1 h6 16. Bxf6 Bxf6 17. Bxc6 bxc6 18. Qxd6 Qxc4 19. Nf5 Rad8 20. Qa3 Qxe2 21. Rde1 Qd3 22. Qxd3 Rxd3 23. Re2 Rfd8 24. Rc1 Rd2 25. Rc2 Rxe2 26. Rxe2 Bg5 27. h4 Bf6 28. Rc2 e4 29. b3 g6 30. Nxh6+ Kg7 31. Ng4 Rd1+ 32. Kg2 Bd4 33. Nh2 c5 34. Nf1 f5 35. Rd2 Ra1 36. b4 Kf6 37. bxc5 Bxc5 38. Rc2 Bb6 39. Nd2 Rd1 40. Nc4 Bd4 41. Na5 Bb6 42. Nc4 Bd4 43. Na5 Ke6 44. Nb3 Bb6 45. Rc6+ Rd6 46. Rc8 Kf7 47. Rc2 Rd3 48. Rc6 e3 49. fxe3 Rxe3 50. Rc4 Re2+ 51. Kf3 Rf2# 0-1

[Event "AUT-chT Blitz"]
[Site "Pasching"]
[Date "2025.05.31"]
[Round "8.3"]
[White "Rodshtein, Maxim"]
[Black "Sarana, Alexey"]
[Result "1-0"]
[WhiteElo "2645"]
[BlackElo "2686"]
[PlyCount "101"]
[EventDate "2025.05.31"]
[EventType "team-swiss (blitz)"]
[EventRounds "13"]
[EventCountry "AUT"]
[SourceTitle "CB23_2025"]
[SourceDate "2025.06.04"]
[SourceVersion "1"]
[SourceVersionDate "2025.06.04"]
[SourceQuality "1"]
[WhiteTeam "Linz ASV II"]
[BlackTeam "Linz ASV"]
[WhiteTeamCountry "AUT"]
[BlackTeamCountry "AUT"]

1. c4 e6 2. g3 d5 3. Bg2 Nf6 4. Nf3 Be7 5. d4 0-0 6. Nc3 Nbd7 7. Qd3 b6 8. cxd5 exd5 9. 0-0 Bb7 10. Bf4 Re8 11. Rac1 a6 12. a3 c5 13. Rfd1 c4 14. Qc2 b5 15. Ne5 Nf8 16. e3 Ne6 17. h4 Qb6 18. Bg5 Rad8 19. Qf5 Nc7 20. Qf3 h6 21. Bf4 Ne6 22. Bh3 Rf8 23. Bf5 Nxf4 24. gxf4 a5 25. Kh2 b4 26. axb4 axb4 27. Ne2 Ne4 28. Bxe4 dxe4 29. Qg4 f5 30. Qg3 c3 31. bxc3 b3 32. Rg1 Qf6 33. Rb1 Ba6 34. c4 Qxh4+ 35. Qxh4 Bxh4 36. Rxb3 Bxf2 37. Rg6 Rf6 38. Rxf6 gxf6 39. Nc6 Rd7 40. Rc3 Rc7 41. d5 Kf7 42. Kg2 Be1 43. Rc2 Kg6 44. Ned4 Bb7 45. Ne6 Rf7 46. Ncd8 Re7 47. Nxb7 Rxb7 48. c5 Ba5 49. c6 Rb3 50. d6 Rd3 51. c7 1-0

[Event "AUT-chT Blitz"]
[Site "Pasching"]
[Date "2025.05.31"]
[Round "5.7"]
[White "Wagner, Dinara"]
[Black "Rodshtein, Maxim"]
[Result "0-1"]
[WhiteElo "2403"]
[BlackElo "2645"]
[PlyCount "89"]
[EventDate "2025.05.31"]
[EventType "team-swiss (blitz)"]
[EventRounds "13"]
[EventCountry "AUT"]
[SourceTitle "CB23_2025"]
[SourceDate "2025.06.04"]
[SourceVersion "1"]
[SourceVersionDate "2025.06.04"]
[SourceQuality "1"]
[WhiteTeam "Linz Victoria"]
[BlackTeam "Linz ASV II"]
[WhiteTeamCountry "AUT"]
[BlackTeamCountry "AUT"]

1. d4 Nf6 2. c4 e6 3. Nf3 d5 4. g3 Bb4+ 5. Bd2 a5 6. Bg2 0-0 7. a3 Be7 8. Qc2 c6 9. 0-0 Nbd7 10. Bf4 h6 11. Nbd2 Nh5 12. Be3 a4 13. Rfd1 Qa5 14. Nb1 Bd6 15. Nc3 b5 16. cxb5 cxb5 17. Na2 Bb7 18. Bd2 Qb6 19. Bb4 Rfc8 20. Qd3 Bxb4 21. Nxb4 Nhf6 22. Nd2 Ne8 23. e4 dxe4 24. Nxe4 Nef6 25. Nxf6+ Nxf6 26. Bxb7 Qxb7 27. d5 Rd8 28. Qf3 exd5 29. Rd4 Rd6 30. Rad1 Rad8 31. Kg2 h5 32. Na2 Ne4 33. Nc3 Rf6 34. Qe3 Rxf2+ 35. Kg1 Nxc3 36. Qxc3 Rf5 37. Qc5 g6 38. Rb4 d4 39. Qc2 Qe7 40. Qd2 d3 41. Kg2 Re5 42. Kg1 Re2 43. Qf4 Qc5+ 44. Kf1 Rxh2 45. Re4 0-1

[Event "PlusCity Grand Prix Rapid"]
[Site "Pasching"]
[Date "2025.05.30"]
[Round "2"]
[White "Postlmayer, Jakob"]
[Black "Rodshtein, Maxim"]
[Result "0-1"]
[WhiteElo "2423"]
[BlackElo "2645"]
[PlyCount "72"]
[EventDate "2025.05.30"]
[EventType "swiss (rapid)"]
[EventRounds "9"]
[EventCountry "AUT"]
[SourceTitle "CB23_2025"]
[SourceDate "2025.06.04"]
[SourceVersion "1"]
[SourceVersionDate "2025.06.04"]
[SourceQuality "1"]

1. e4 c5 2. Nf3 Nc6 3. Bb5 e6 4. 0-0 Nge7 5. Re1 b6 6. c3 a6 7. Bf1 d5 8. exd5 Nxd5 9. d4 cxd4 10. Nxd4 Nxd4 11. Qxd4 Bb7 12. Nd2 Qc7 13. Nf3 0-0-0 14. Qc4 Bc5 15. Bg5 f6 16. Bh4 e5 17. Bg3 Rhe8 18. Rad1 Kb8 19. h3 g5 20. Qa4 b5 21. Qb3 h5 22. c4 bxc4 23. Bxc4 Nb6 24. Bf7 h4 25. Bh2 Rxd1 26. Rxd1 Rd8 27. Be6 Ka7 28. Kf1 Rd6 29. Bg4 Bd5 30. Qc3 Bc4+ 31. Ke1 Bxf2+ 32. Kxf2 Rxd1 33. Nd2 Qc5+ 34. Kf3 Bd5+ 35. Ke2 Qxc3 36. bxc3 Rh1 0-1

[Event "PlusCity Grand Prix Rapid"]
[Site "Pasching"]
[Date "2025.05.30"]
[Round "3"]
[White "Rodshtein, Maxim"]
[Black "Piesik, Piotr"]
[Result "1-0"]
[WhiteElo "2645"]
[BlackElo "2436"]
[PlyCount "99"]
[EventDate "2025.05.30"]
[EventType "swiss (rapid)"]
[EventRounds "9"]
[EventCountry "AUT"]
[SourceTitle "CB23_2025"]
[SourceDate "2025.06.04"]
[SourceVersion "1"]
[SourceVersionDate "2025.06.04"]
[SourceQuality "1"]

1. c4 c6 2. Nf3 d5 3. e3 Nf6 4. Qc2 a6 5. b3 Bg4 6. Ne5 Nbd7 7. Nxg4 Nxg4 8. Be2 Ngf6 9. Bb2 e6 10. 0-0 Bd6 11. d4 0-0 12. Nd2 Qe7 13. a3 Rac8 14. c5 Bb8 15. f4 Ne8 16. b4 f6 17. e4 dxe4 18. Nxe4 f5 19. Ng5 Ndf6 20. Bc4 Nd5 21. Rae1 Rf6 22. Bxd5 cxd5 23. g3 h6 24. Nf3 Rf8 25. Re2 Qd7 26. Rfe1 Rc6 27. a4 b5 28. axb5 axb5 29. Ra1 Bc7 30. Qd3 Nf6 31. Ra7 g5 32. Qxb5 Qe8 33. Bc1 Ne4 34. Qd3 Qb8 35. Ra4 gxf4 36. b5 Rxc5 37. dxc5 Nxc5 38. Qc2 Nxa4 39. Qxa4 fxg3 40. hxg3 Rf6 41. Bf4 Qb6+ 42. Kh2 Rg6 43. Qa8+ Kh7 44. Qc6 e5 45. Qd7+ Rg7 46. Qxf5+ Kh8 47. Nxe5 Qxb5 48. Qh5 Kg8 49. Ng6 Qd3 50. Re8+ 1-0

[Event "PlusCity Grand Prix Rapid"]
[Site "Pasching"]
[Date "2025.05.30"]
[Round "5"]
[White "Rodshtein, Maxim"]
[Black "Zelcic, Robert"]
[Result "1-0"]
[WhiteElo "2645"]
[BlackElo "2483"]
[PlyCount "117"]
[EventDate "2025.05.30"]
[EventType "swiss (rapid)"]
[EventRounds "9"]
[EventCountry "AUT"]
[SourceTitle "CB23_2025"]
[SourceDate "2025.06.04"]
[SourceVersion "1"]
[SourceVersionDate "2025.06.04"]
[SourceQuality "1"]

1. c4 Nf6 2. Nf3 e6 3. g3 d5 4. Bg2 Be7 5. d4 0-0 6. Nc3 dxc4 7. Ne5 Nc6 8. Bxc6 bxc6 9. Nxc6 Qe8 10. Nxe7+ Qxe7 11. Qa4 e5 12. dxe5 Qxe5 13. Bf4 Qc5 14. Be3 Qh5 15. 0-0-0 Ng4 16. Qxc4 Nxe3 17. fxe3 Be6 18. Qf4 Rab8 19. Rd4 h6 20. Ra4 Rfd8 21. Rd4 Rdc8 22. Kb1 Qa5 23. Rc1 c5 24. Ra4 Qb6 25. Rc2 Rd8 26. e4 c4 27. Qc1 Rd4 28. a3 Rbd8 29. Rb4 Qc6 30. Qf4 a5 31. Rb8 Rxb8 32. Qxb8+ Kh7 33. Qe5 Qb6 34. Qf4 Rd7 35. Rc1 Qb3 36. Ka1 Qb6 37. h4 Qd8 38. Rc2 Rd4 39. Kb1 Rd7 40. Kc1 g5 41. hxg5 hxg5 42. Qe3 Kg6 43. Rd2 Rxd2 44. Qxd2 Qb6 45. e3 Qc7 46. Qf2 Qd6 47. Qf3 Qd3 48. Qf2 f5 49. Qf3 Qd6 50. exf5+ Bxf5 51. e4 Be6 52. Qe3 Qf8 53. Kd2 Qf1 54. Nd1 Bg4 55. Nf2 Be6 56. Kc3 Qb1 57. e5 Qa2 58. Kd4 Qb1 59. Qe4+ 1-0

[Event "PlusCity Grand Prix Blitz"]
[Site "Pasching"]
[Date "2025.05.29"]
[Round "10"]
[White "Brodowski, Piotr"]
[Black "Rodshtein, Maxim"]
[Result "1-0"]
[WhiteElo "2450"]
[BlackElo "2645"]
[PlyCount "61"]
[EventDate "2025.05.29"]
[EventType "swiss (blitz)"]
[EventRounds "13"]
[EventCountry "AUT"]
[SourceTitle "CB23_2025"]
[SourceDate "2025.06.04"]
[SourceVersion "1"]
[SourceVersionDate "2025.06.04"]
[SourceQuality "1"]

1. c4 g6 2. g3 Bg7 3. Bg2 c5 4. Nc3 Nc6 5. Nf3 d6 6. 0-0 Bf5 7. h3 e5 8. d3 Nge7 9. Bg5 f6 10. Bd2 Qd7 11. Kh2 Be6 12. e4 0-0 13. Nd5 Rab8 14. b3 b5 15. Rb1 h6 16. Nh4 g5 17. Nf3 f5 18. exf5 Bxf5 19. Nxe7+ Nxe7 20. Be3 Nc6 21. Qd2 Kh8 22. Ng1 Nb4 23. Be4 Bxe4 24. dxe4 Nc6 25. Bxc5 Nd4 26. Bxd4 exd4 27. Ne2 bxc4 28. Nxd4 cxb3 29. Rxb3 Qa4 30. Ne6 Rfe8 31. Nxg7 1-0

[Event "PlusCity Grand Prix Blitz"]
[Site "Pasching"]
[Date "2025.05.29"]
[Round "5"]
[White "Rodshtein, Maxim"]
[Black "Hulka, Valentyn"]
[Result "1-0"]
[WhiteElo "2645"]
[BlackElo "2324"]
[PlyCount "59"]
[EventDate "2025.05.29"]
[EventType "swiss (blitz)"]
[EventRounds "13"]
[EventCountry "AUT"]
[SourceTitle "CB23_2025"]
[SourceDate "2025.06.04"]
[SourceVersion "1"]
[SourceVersionDate "2025.06.04"]
[SourceQuality "1"]

1. c4 e6 2. g3 d5 3. Bg2 Nf6 4. Nf3 d4 5. 0-0 c5 6. e3 Nc6 7. exd4 cxd4 8. d3 h6 9. Bf4 Nd7 10. Re1 Bb4 11. Re2 Bc5 12. Na3 a6 13. Nc2 a5 14. Na3 g5 15. Bd2 Bxa3 16. bxa3 0-0 17. h4 g4 18. Nh2 h5 19. f3 f5 20. Rxe6 Nde5 21. Rh6 f4 22. Bxf4 Rxf4 23. gxf4 g3 24. Nf1 Qf8 25. Rxh5 Qxf4 26. Nxg3 Bh3 27. Rg5+ Kf7 28. Bxh3 Nxf3+ 29. Kh1 Nxg5 30. Qh5+ 1-0